| 000 | 00689nam a2200289Ia 4500 | ||
|---|---|---|---|
| 001 | Z_1317 | ||
| 003 | CHAP | ||
| 008 | 220113s1983 xx 000 0 und d | ||
| 010 | _a164405 | ||
| 040 | _cCHAP | ||
| 082 | _a633.2 R6 | ||
| 100 |
_aRoché, Ben F ,comp _9138559 |
||
| 245 |
_aForestland grazing / _ccomp. by Ben F. Roché |
||
| 260 |
_aPullman Wa. : _bWashington State University, _c1983 |
||
| 300 |
_a114 p. : _bilus. |
||
| 440 | _a | ||
| 500 | _a | ||
| 503 | _aC/E. | ||
| 650 |
_aPastizales _985916 |
||
| 650 |
_aSuelos forestales I.t. _9138560 |
||
| 901 | _a633.2 R6 | ||
| 902 | _aA | ||
| 910 | _a1983 | ||
| 942 | _c1 | ||
| 942 | _cc1 | ||
| 999 |
_c164405 _d164405 |
||